000
00289nam a22001457a 4500
003
SGT
082
_a
RAG 530
100
_a
RAGHUVANSHI,G.S
245
_a
ENGINEERING PHYSICS
250
_a
3RD
260
_a
NEW DELHI
_b
PHI
_c
2016
300
_a
540
650
_a
PHYSICS
942
_2
ddc
_c
FPS
999
_c
10081
_d
10081